000
00320nam a22001457a 4500
008
221108b ||||| |||| 00| 0 eng d
020
_a
9780875801940
041
_a
eng
080
_a
159.9
082
_a
159.9 VOL
100
_a
25
101
_a
PSI
245
_a
THE SUPERNATURAL SUBLIME
_c
VOLLER J
942
_2
udc
_c
BK
999
_c
58783
_d
58783